| 000 | 00705nam a2200241Ia 4500 | ||
|---|---|---|---|
| 999 |
_c50872 _d50872 |
||
| 001 | 17827 | ||
| 003 | GE_BSU | ||
| 005 | 20200226104141.0 | ||
| 008 | 181216s2005 xx |||||||||||||| ||eng|| | ||
| 020 | _a9781405815628 | ||
| 040 | _cGE_BSU | ||
| 080 | _a811.111(075.8) A-18 | ||
| 100 |
_aAcklam, R., _97452 |
||
| 245 |
_aTotal English. Pre-intermediate. Student's Book : _bStudent's Book / _cR. Acklam ; A. Crace. |
||
| 264 |
_aEdinburg : _bPearson Longman, _c2005. |
||
| 300 |
_a160 p.: _bill ; _c28 cm. |
||
| 653 | _aPre-Intermediate | ||
| 653 | _aStudent's Book | ||
| 653 | _aTotal English. | ||
| 653 | _aინგლისური ენა | ||
| 700 |
_aCrace, A. _97455 |
||
| 942 |
_cBK _2udc |
||